| 000 | 01675aab a2200217 i 4500 | ||
|---|---|---|---|
| 001 | 768714001 | ||
| 003 | CO-MdFUSB | ||
| 005 | 20250305153010.0 | ||
| 008 | 170818b1987 cr ||||| |||| 00| 0 spa d | ||
| 040 |
_aCO-MdFUSB _bspa _cCO-MdFUSB _dCO-MdFUSB |
||
| 041 | _aspa | ||
| 100 | 1 |
_aZelaya, Hugo M. _eautor |
|
| 245 | 1 | 3 |
_aLa alegría de trabajar para el Señor _c/ Hugo M. Zelaya |
| 300 |
_aVolumen 1. Número 14 (1989), Páginas 246-148 _c28 cm. |
||
| 520 | _aEste texto reflexiona sobre el propósito del trabajo en la vida humana, según la perspectiva cristiana. La mayoría de las personas trabaja solo para ganar dinero, pero esto puede llevar a una vida monótona y sin sentido. La Biblia enseña que todo lo que hacemos debe ser hecho "para Dios", lo cual transforma nuestra labor y nos da gozo. Se aborda cómo el trabajo, realizado con la motivación adecuada y para Dios, se convierte en un "don divino". El libro de Eclesiastés destaca la importancia de encontrar propósito en lo que hacemos, sin enfocarse solo en el beneficio personal, y muestra que vivir según el tiempo y la voluntad de Dios es esencial para disfrutar verdaderamente de la vida. Se subraya la necesidad de renovar nuestra visión, evaluar nuestras acciones y no conformarnos con menos de lo que Dios desea para nosotros. En resumen, el trabajo tiene un propósito divino y debe ser realizado con alegría y para agradar a Dios, lo que traerá satisfacción y bendiciones. | ||
| 546 | _aTexto en español | ||
| 650 | 0 |
_aVida cristiana _919 |
|
| 773 | 0 |
_tConquista Cristiana _049446 _960344 _gVolumen 1. Número 14 (1989), Páginas 246-148 _qPágina 246 |
|
| 942 | _cANA | ||
| 945 | _aJTF-925 | ||
| 999 |
_c50393 _d50393 |
||